| 000 | 00678cam a22002411 4500 | ||
|---|---|---|---|
| 001 | sa 68012401 | ||
| 003 | DLC | ||
| 005 | 20260227112610.0 | ||
| 008 | 890403r1964uuuuio ab 000 0 ind | ||
| 010 | _asa 68012401 | ||
| 035 | _a(OCoLC)23570368 | ||
| 040 |
_aDLC _cMiU _dDLC |
||
| 042 | _apremarc | ||
| 043 | _aa-io--- | ||
| 050 | 0 | 0 |
_aDS646.15.S76 _bR3 1964 |
| 100 | 1 | _aRadjab, Muhamad. | |
| 245 | 1 | 0 | _aPerang Paderi di Sumatera Barat, 1803-1838. |
| 250 | _aTjet 2. | ||
| 260 |
_aDjakarta, _bBalai Pustaka, _c1964. |
||
| 300 |
_a499 p. _billus., maps. _c21 cm. |
||
| 651 | 0 |
_aIndonesia _xHistory _yPadri War, 1803-1838. |
|
| 651 | 0 |
_aSumatera Barat (Indonesia) _xHistory. |
|
| 999 |
_c84513 _d84513 |
||